• 首页
  • 本馆介绍
  • 公告通知
  • 最新文献
  • 馆藏检索
  • 电子资源
  • 读者导购
  • 参考咨询
  • 我的图书馆
  • 登录
  • 详细信息显示
  • 放入我的书架
  • 预约/预借图书
  • 作者相关作品
  • 分类相关作品
  • 丛书相关作品
  • 出版社相关作品

书目信息

  • 表格格式
  • 工作单格式
  • 卡片格式
题名:
图解瑜珈与冥想
    
 
作者: 美梓 编著
分册:  
出版信息: 北京   中国华侨出版社  2017
页数: 10,447页
开本: 25cm
丛书名:
单 册:
中图分类: R214-64
科图分类:
主题词: 瑜伽--图解
电子资源:
ISBN: 978-7-5113-6447-0
000 00825nam0 2200229 450
001 1590
005 20180522131511.85
010    @a978-7-5113-6447-0@dCNY39.80
100    @a20170328d2017 em y0chiy50 ea
101 0  @achi
102    @aCN@b110000
105    @aa z 000yy
200 1  @a图解瑜珈与冥想@9tu jie yu jia yu ming xiang@f美梓编著
210    @a北京@c中国华侨出版社@d2017
215    @a10,447页@d25cm
300    @a经典读本 理想藏书 全彩图解典藏版
330    @a本书介绍了瑜伽的理论知识,瑜伽的体位法、呼吸法、凝视法、冥想法,使读者能够获得更好的练习益处,传授利用瑜伽来防病治病的练习方法,其中关于冥想的原理、准备工作、坐姿、各种练习方式能使读者达到超越自我的境界。
606 0  @a瑜伽@j图解
690    @aR214-64@v5
701  0 @a美梓@9mei zi@4编著
801  0 @aCN@b91MARC@c20170328
905    @aMuseLib@dR214-64@e413
    
    图解瑜珈与冥想/美梓编著.-北京:中国华侨出版社,2017
    10,447页;25cm
    经典读本 理想藏书 全彩图解典藏版
    
    ISBN 978-7-5113-6447-0:CNY39.80
    本书介绍了瑜伽的理论知识,瑜伽的体位法、呼吸法、凝视法、冥想法,使读者能够获得更好的练习益处,传授利用瑜伽来防病治病的练习方法,其中关于冥想的原理、准备工作、坐姿、各种练习方式能使读者达到超越自我的境界。
●
相关链接 在E读中查询图书 在五车中查询图书 在当当中查询图书 在豆瓣中查询图书


正题名:图解瑜珈与冥想     索取号:R214-64/413         预约/预借

序号 登录号 条形码 馆藏地/架位号 状态 备注
1 1105425   211054259   第二样本阅览室/ [索取号:R214-64/413] 在馆    
2 1105426   211054268   教育系资料室/ [索取号:R214-64/413] 在馆    
3 1105427   211054277   教育系资料室/ [索取号:R214-64/413] 在馆    
4 1105428   211054286   教育系资料室/ [索取号:R214-64/413] 在馆    
5 1105429   211054295   第三借阅区/ [索取号:R214-64/413] 已借出,限还日期为2018.11.16
借出人:张舒  
 
6 1105430   211054302   第三借阅区/ [索取号:R214-64/413] 在馆    
唐山师范学院图书馆 欢迎您!
大连网信软件有限公司© 版权所有